000 00838nam a22002417a 4500
999 _c5813
_d5813
003 AR-CdUCM
008 190313b ||||| |||| 00| 0 spa d
040 _aMUNICIPALIDAD PROVINCIAL DEL CUSCO
_cBIBLIOTECA MUNICIPAL DEL CUSCO
082 _a985.009 /
_bP171
245 _aRicardo Palma; Cesar Vallejo /
_cAlberto Escobar; José Miguel Oviedo
260 _aLima :
_bUniversitaria;
_c1964.
300 _a160 páginas ;
_bIlustraciones,
_c19 cm.
440 _aBiblioteca hombres del Perú
_nX
_917228
500 _aDonación familia Nieto
505 _aContenido: don Dimas de la tijereta -- Los ratones de fray Martín...
650 _aBiografias
_9148
650 _aPoesías
_914363
650 _aTrujillo
_9297
700 _aEscobar, Alberto
_91581
700 _aOviedo, José Miguel
_9271
942 _2ddc
_cLIBROS
945 _aJavier